Adèle - Chansons par ordre alphabétique - Statistiques

Statistiques générales
  • Ce quiz a été pris 53 fois
  • Le résultat moyen est 21 sur 47
Statistiques - réponses
Hint Réponse % Correct
R Rolling in the Deep
87%
S Set Fire to the Rain
87%
S Someone like You
87%
E Easy On Me
82%
H Hello
82%
A All I Ask
74%
S Skyfall
74%
H Hometown Glory
69%
W When We Were Young
69%
L Love in the Dark
67%
C Chasing Pavements
62%
T Turning Tables
56%
I I Drink Wine
49%
M Make You Feel My Love
49%
S Send My Love
49%
O Oh My God
44%
O One and Only
44%
R Rumour Has It
44%
T To Be Loved
44%
D Don't You Remember
41%
H Hold On
41%
M Million Years Ago
41%
M My Little Love
41%
W Water Under the Bridge
41%
L Love is a Game
38%
L Lovesong
38%
R Remedy
38%
A All Night Parking
36%
C Can I Get It
36%
D Daydreamer
36%
S Strangers by Nature
36%
R River Lea
33%
C Cry Your Heart Out
31%
I I Miss You
31%
T Take It All
31%
C Crazy for You
28%
S Sweetest Devotion
28%
B Best for Last
26%
H He Won't Go
26%
I I'll Be Waiting
26%
T Tired
26%
W Woman Like Me
26%
M My Same
23%
R Right as Rain
23%
M Melt My Heart to Stone
21%
C Cold Shoulder
18%
F First Love
18%
Aucun quiz correspondant
Distribution des résultats
% des personnes avec chaque résultat
Percentile par nombre de réponses
Votre historique - résultats
Vous n’avez pas pris ce quiz